Deceased musicians - Statistics

General Stats
  • This quiz has been taken 18 times
  • The average score is 7 of 19
Answer Stats
Hint Answer % Correct
1994, suicide by gunshot (alleged) Kurt Cobain
100%
1996, shot Tupac Shakur
94%
2011, alcohol poisoning Amy Winehouse
88%
1997, shot The Notorious B.I.G.
88%
2009, cardiac arrest Michael Jackson
81%
2012, drowning Whitney Houston
56%
2001, plane crash Aaliyah
50%
2019, oxycodone and codeine overdose Juice WRLD
25%
2018, shot XXXTentacion
25%
2018, fentanyl overdose Mac Miller
19%
1995, AIDS Eazy-E
13%
2017, fentanyl and xanax overdose Lil Peep
13%
2011, heart failure Nate Dogg
6%
2006, shot Proof
6%
2022, shot Takeoff
6%
2020, fentanyl overdose Coolio
0%
2020, shot King Von
0%
2022, eosinophilia Lil Keed
0%
2021, suicide by gunshot Lil Loaded
0%
No matching quizzes found
Score Distribution
Percent of People with Each Score
Percentile by Number Answered
Your Score History
You have not taken this quiz